[Event "Romanian-ch Open 2022"]
[Site "Eforie Nord"]
[Date "2022.02.25"]
[Round "7.26"]
[White "Mazilu, Stefan-Fabian"]
[Black "Ignat, Matei-Marius"]
[Result "1/2-1/2"]
[WhiteElo "1886"]
[BlackElo "2053"]
[Annotator "NA"]
[PlyCount "129"]
[EventDate "2022.02.20"]
[EventType "swiss"]
[EventCountry "ROU"]
[SourceTitle "playchess.com"]
[Source "ChessBase"]
[SourceQuality "1"]
[TimeControl "40/5400+30:900+30"]

1. e4 {[%emt 0:00:05]} e6 {[%emt 0:00:03]} 2. d4 {[%emt 0:00:05]} d5 {[%emt 0:00:02]} 3. Nd2 {[%emt 0:00:06]} c5 {[%emt 0:00:05]} 4. exd5 {[%emt 0:00:08]} Qxd5 {[%emt 0:00:09]} 5. Ngf3 {[%emt 0:00:07]} cxd4 {[%emt 0:00:04]} 6. Bc4 {[%emt 0:00:08]} Qd6 {[%emt 0:00:13]} 7. O-O {[%emt 0:00:09]} Nf6 {[%emt 0:00:02]} 8. Re1 {[%emt 0:00:08]} Nc6 {[%emt 0:01:28]} 9. Nb3 {[%emt 0:00:11]} Be7 {[%emt 0:02:18]} 10. Nbxd4 {[%emt 0:00:37]} Nxd4 {[%emt 0:00:03]} 11. Nxd4 {[%emt 0:00:08]} O-O {[%emt 0:01:58]} 12. c3 {[%emt 0:00:57]} Qc7 {[%emt 0:05:11]} 13. Bb3 {[%emt 0:01:46]} b6 {[%emt 0:07:22]} 14. Qf3 {[%emt 0:01:14]} Bb7 {[%emt 0:00:16]} 15. Bf4 {[%emt 0:00:35]} Bxf3 {[%emt 0:05:53]} 16. Bxc7 {[%emt 0:00:11]} Bd5 {[%emt 0:00:02]} 17. h3 {[%emt 0:24:52]} Rac8 {[%emt 0:07:31]} 18. Bh2 {[%emt 0:05:47]} Rfd8 {[%emt 0:03:23]} 19. Bc2 {[%emt 0:10:45]} Bc5 {[%emt 0:08:09]} 20. Red1 {[%emt 0:21:57]} Bxg2 {[%emt 0:07:34]} 21. Nxe6 {[%emt 0:09:06]} Rxd1+ {[%emt 0:00:55]} 22. Rxd1 {[%emt 0:00:05]} Bxh3 {[%emt 0:03:10]} 23. Nxc5 {[%emt 0:00:10]} bxc5 {[%emt 0:00:03]} 24. Rd6 {[%emt 0:03:50]} Re8 {[%emt 0:09:19]} 25. Bg3 {[%emt 0:03:01]} h5 {[%emt 0:11:45]} 26. f3 {[%emt 0:05:09]} Be6 {[%emt 0:07:26]} 27. b3 {[%emt 0:04:11]} Nd5 {[%emt 0:16:20]} 28. c4 {[%emt 0:03:34]} Ne3 {[%emt 0:01:52]} 29. Be4 {[%emt 0:00:29]} Nf5 {[%emt 0:01:22]} 30. Bxf5 {[%emt 0:00:19]} Bxf5 {[%emt 0:00:01]} 31. Bf2 {[%emt 0:01:47]} Re2 {[%emt 0:00:59]} 32. Rd5 {[%emt 0:00:30]} Bb1 {[%emt 0:00:35]} 33. Rxc5 {[%emt 0:00:11]} Bxa2 {[%emt 0:00:08]} 34. b4 {[%emt 0:00:17]} a6 {[%emt 0:01:11]} 35. Rc8+ {[%emt 0:00:46]} Kh7 {[%emt 0:00:04]} 36. c5 {[%emt 0:00:06]} Rc2 {[%emt 0:00:56]} 37. c6 {[%emt 0:02:45]} Be6 {[%emt 0:00:10]} 38. Rc7 {[%emt 0:00:19]} Kg6 {[%emt 0:00:53]} 39. Bc5 {[%emt 0:00:44]} Bd5 {[%emt 0:00:28]} 40. Ra7 {[%emt 0:00:00]} Bxf3 {[%emt 0:00:00]} 41. c7 {[%emt 0:02:54]} Bg4 {[%emt 0:00:43]} 42. Rxa6+ {[%emt 0:00:09]} Kg5 {[%emt 0:01:06]} 43. Ra8 {[%emt 0:00:47]} h4 {[%emt 0:06:09]} 44. c8=Q {[%emt 0:00:25]} Bxc8 {[%emt 0:00:04]} 45. Rxc8 {[%emt 0:00:05]} Rb2 {[%emt 0:01:27]} 46. Be7+ {[%emt 0:03:50]} f6 {[%emt 0:00:54]} 47. Rc4 {[%emt 0:02:45]} h3 {[%emt 0:04:02]} 48. Bc5 {[%emt 0:01:52]} Kf5 {[%emt 0:02:18]} 49. Rh4 {[%emt 0:00:41]} h2+ {[%emt 0:00:46]} 50. Rxh2 {[%emt 0:00:57]} Rb1+ {[%emt 0:00:17]} 51. Kg2 {[%emt 0:00:11]} Rb2+ {[%emt 0:00:04]} 52. Kg3 {[%emt 0:00:05]} Rxh2 {[%emt 0:00:10]} 53. Kxh2 {[%emt 0:00:04]} Ke4 {[%emt 0:00:05]} 54. Kg3 {[%emt 0:00:41]} Kd5 {[%emt 0:02:22]} 55. Kf4 {[%emt 0:00:58]} g5+ {[%emt 0:00:18]} 56. Kf5 {[%emt 0:00:42]} Kc4 {[%emt 0:00:08]} 57. Be7 {[%emt 0:03:04]} Kb5 {[%emt 0:01:28]} 58. Bd6 {[%emt 0:00:12]} Kc4 {[%emt 0:00:49]} 59. Bf8 {[%emt 0:00:55]} Kb5 {[%emt 0:00:22]} 60. Be7 {[%emt 0:00:16]} Kc4 {[%emt 0:00:21]} 61. Bd6 {[%emt 0:00:05]} Kb5 {[%emt 0:01:38]} 62. Ke4 {[%emt 0:00:12]} Kc4 {[%emt 0:00:07]} 63. Be7 {[%emt 0:01:07]} g4 {[%emt 0:00:56]} 64. Bd6 {[%emt 0:00:45]} f5+ {[%emt 0:00:24]} 65. Kxf5 {[%emt 0:07:03]} 1/2-1/2

[Event "Romanian-ch Open 2022"]
[Site "Eforie Nord"]
[Date "2022.02.25"]
[Round "7.27"]
[White "Butolo, Alexandru-Mircea"]
[Black "Bobocea, Laurentiu-Vlad"]
[Result "1-0"]
[WhiteElo "1850"]
[BlackElo "1987"]
[Annotator "NA"]
[PlyCount "63"]
[EventDate "2022.02.20"]
[EventType "swiss"]
[EventCountry "ROU"]
[SourceTitle "playchess.com"]
[Source "ChessBase"]
[SourceQuality "1"]
[TimeControl "40/5400+30:900+30"]

1. e4 {[%emt 0:00:01]} c5 {[%emt 0:00:40]} 2. Nf3 {[%emt 0:00:37]} d6 {[%emt 0:00:04]} 3. d4 {[%emt 0:01:11]} cxd4 {[%emt 0:00:04]} 4. Nxd4 {[%emt 0:00:05]} Nf6 {[%emt 0:00:04]} 5. Nc3 {[%emt 0:00:09]} a6 {[%emt 0:00:02]} 6. Bg5 {[%emt 0:00:50]} e6 {[%emt 0:00:11]} 7. f4 {[%emt 0:00:51]} h6 {[%emt 0:00:05]} 8. Bh4 {[%emt 0:02:32]} Qb6 {[%emt 0:00:07]} 9. Qd2 {[%emt 0:04:30]} Qxb2 {[%emt 0:00:59]} 10. Rb1 {[%emt 0:00:32]} Qa3 {[%emt 0:00:02]} 11. f5 {[%emt 0:05:48]} Be7 {[%emt 0:01:19]} 12. fxe6 {[%emt 0:07:41]} fxe6 {[%emt 0:00:06]} 13. Bc4 {[%emt 0:25:18]} Nxe4 {[%emt 0:01:02]} 14. Nxe4 {[%emt 0:00:16]} Bxh4+ {[%emt 0:00:02]} 15. g3 {[%emt 0:00:05]} Bg5 {[%emt 0:00:02]} 16. Nxg5 {[%emt 0:01:52]} hxg5 {[%emt 0:00:11]} 17. Rb3 {[%emt 0:06:48]} Qa4 {[%emt 0:52:06]} 18. Rf1 {[%emt 0:20:35]} Nc6 {[%emt 0:22:37]} 19. Nxe6 {[%emt 0:00:44]} Bxe6 {[%emt 0:01:08]} 20. Bxe6 {[%emt 0:00:04]} Nd4 {[%emt 0:01:02]} 21. Bf7+ {[%emt 0:03:30]} Kd7 {[%emt 0:07:55]} 22. Rxb7+ {[%emt 0:11:02]} Kc8 {[%emt 0:00:25]} 23. Rb2 {[%emt 0:02:30]} Ra7 {[%emt 0:01:50]} 24. Kd1 {[%emt 0:02:51]} Rf8 {[%emt 0:05:00]} 25. Rb4 {[%emt 0:00:24]} Qxa2 {[%emt 0:04:11]} 26. Qxd4 {[%emt 0:01:05]} Rfxf7 {[%emt 0:00:45]} 27. Re1 {[%emt 0:01:04]} Rac7 {[%emt 0:01:28]} 28. Qg4+ {[%emt 0:00:31]} Rcd7 {[%emt 0:00:26]} 29. Re8+ {[%emt 0:00:54]} Kc7 {[%emt 0:00:01]} 30. Qd4 {[%emt 0:00:29]} Qa5 {[%emt 0:01:04]} 31. Rc4+ {[%emt 0:00:29]} Kb7 {[%emt 0:01:02]} 32. Rb4+ {[%emt 0:01:12]} 1-0

[Event "Romanian-ch Open 2022"]
[Site "Eforie Nord"]
[Date "2022.02.25"]
[Round "7.28"]
[White "Coicev, Matei-Andrei"]
[Black "Pirvulescu, Adrian"]
[Result "1-0"]
[WhiteElo "1970"]
[BlackElo "1843"]
[Annotator "NA"]
[PlyCount "57"]
[EventDate "2022.02.20"]
[EventType "swiss"]
[EventCountry "ROU"]
[SourceTitle "playchess.com"]
[Source "ChessBase"]
[SourceQuality "1"]
[TimeControl "40/5400+30:900+30"]

1. e4 {[%emt 0:00:17]} Nf6 {[%emt 0:00:20]} 2. e5 {[%emt 0:00:43]} Nd5 {[%emt 0:00:06]} 3. d4 {[%emt 0:00:44]} d6 {[%emt 0:00:06]} 4. Nf3 {[%emt 0:00:58]} Nb6 {[%emt 0:00:28]} 5. a4 {[%emt 0:01:31]} a5 {[%emt 0:00:12]} 6. Bb5+ {[%emt 0:00:32]} c6 {[%emt 0:00:46]} 7. Be2 {[%emt 0:00:36]} dxe5 {[%emt 0:02:30]} 8. Nxe5 {[%emt 0:00:23]} g6 {[%emt 0:01:15]} 9. O-O {[%emt 0:02:04]} Bg7 {[%emt 0:00:24]} 10. Bf4 {[%emt 0:02:24]} N8d7 {[%emt 0:05:20]} 11. Nf3 {[%emt 0:01:28]} h6 {[%emt 0:06:12]} 12. h3 {[%emt 0:04:58]} Nd5 {[%emt 0:04:35]} 13. Bg3 {[%emt 0:01:37]} Qb6 {[%emt 0:03:15]} 14. Ra3 {[%emt 0:05:22]} Qxb2 {[%emt 0:05:54]} 15. Rb3 {[%emt 0:02:05]} Qa1 {[%emt 0:05:30]} 16. c3 {[%emt 0:17:15]} N7f6 {[%emt 0:35:58]} 17. Nfd2 {[%emt 0:00:45]} Bf5 {[%emt 0:03:16]} 18. Qc1 {[%emt 0:07:21]} Bxb1 {[%emt 0:07:16]} 19. Nxb1 {[%emt 0:00:49]} Qa2 {[%emt 0:03:49]} 20. Bc4 {[%emt 0:21:39]} Ne4 {[%emt 0:10:31]} 21. Rb4 {[%emt 0:05:45]} Nxg3 {[%emt 0:02:43]} 22. fxg3 {[%emt 0:00:38]} Qa1 {[%emt 0:00:16]} 23. Rb3 {[%emt 0:05:36]} Qxa4 {[%emt 0:00:46]} 24. Nd2 {[%emt 0:00:32]} Bxd4+ {[%emt 0:00:31]} 25. cxd4 {[%emt 0:00:15]} b5 {[%emt 0:00:30]} 26. Bxb5 {[%emt 0:03:53]} cxb5 {[%emt 0:00:30]} 27. Qc6+ {[%emt 0:00:12]} Kf8 {[%emt 0:00:25]} 28. Qxa8+ {[%emt 0:00:05]} Kg7 {[%emt 0:00:06]} 29. Qxd5 {[%emt 0:00:05]} 1-0

[Event "Romanian-ch Open 2022"]
[Site "Eforie Nord"]
[Date "2022.02.25"]
[Round "7.29"]
[White "Chis, Bogdan-Vasile"]
[Black "Negrean, Andrei"]
[Result "0-1"]
[WhiteElo "1685"]
[BlackElo "1941"]
[Annotator "NA"]
[PlyCount "96"]
[EventDate "2022.02.20"]
[EventType "swiss"]
[EventCountry "ROU"]
[SourceTitle "playchess.com"]
[Source "ChessBase"]
[SourceQuality "1"]
[TimeControl "40/5400+30:900+30"]

1. e4 {[%emt 0:00:02]} c5 {[%emt 0:00:16]} 2. Nc3 {[%emt 0:00:04]} Nc6 {[%emt 0:00:16]} 3. f4 {[%emt 0:00:05]} g6 {[%emt 0:00:31]} 4. Nf3 {[%emt 0:00:06]} Bg7 {[%emt 0:00:20]} 5. Bb5 {[%emt 0:00:10]} Nd4 {[%emt 0:00:36]} 6. Bd3 {[%emt 0:00:12]} d6 {[%emt 0:01:57]} 7. Nxd4 {[%emt 0:02:29]} cxd4 {[%emt 0:00:26]} 8. Ne2 {[%emt 0:00:18]} Nf6 {[%emt 0:01:06]} 9. O-O {[%emt 0:00:52]} O-O {[%emt 0:00:45]} 10. c3 {[%emt 0:00:38]} dxc3 {[%emt 0:00:29]} 11. bxc3 {[%emt 0:00:11]} d5 {[%emt 0:09:49]} 12. e5 {[%emt 0:03:25]} Ne4 {[%emt 0:01:12]} 13. Bxe4 {[%emt 0:18:23]} dxe4 {[%emt 0:00:06]} 14. Ng3 {[%emt 0:00:21]} Bf5 {[%emt 0:14:20]} 15. Nxf5 {[%emt 0:00:18]} gxf5 {[%emt 0:00:04]} 16. Rb1 {[%emt 0:03:48]} b6 {[%emt 0:06:15]} 17. d4 {[%emt 0:10:19]} exd3 {[%emt 0:04:50]} 18. Rf3 {[%emt 0:00:20]} Qc7 {[%emt 0:12:29]} 19. Rxd3 {[%emt 0:11:17]} Rfd8 {[%emt 0:01:27]} 20. Be3 {[%emt 0:01:14]} e6 {[%emt 0:08:13]} 21. Bd4 {[%emt 0:04:28]} Rd5 {[%emt 0:08:02]} 22. Rb2 {[%emt 0:10:58]} Rad8 {[%emt 0:04:56]} 23. Rbd2 {[%emt 0:12:15]} Qc4 {[%emt 0:03:13]} 24. Qe2 {[%emt 0:03:33]} b5 {[%emt 0:09:21]} 25. a3 {[%emt 0:04:34]} a5 {[%emt 0:09:08]} 26. Rb2 {[%emt 0:00:03]} Kh8 {[%emt 0:01:22]} 27. Rdd2 {[%emt 0:00:24]} Qxe2 {[%emt 0:00:15]} 28. Rxe2 {[%emt 0:00:01]} Bf8 {[%emt 0:00:37]} 29. Bb6 {[%emt 0:02:17]} Bc5+ {[%emt 0:01:10]} 30. Bxc5 {[%emt 0:00:08]} Rxc5 {[%emt 0:00:01]} 31. Re3 {[%emt 0:01:41]} Rdc8 {[%emt 0:01:26]} 32. Kf2 {[%emt 0:06:28]} Rxc3 {[%emt 0:00:46]} 33. Rxb5 {[%emt 0:00:31]} Rxe3 {[%emt 0:00:07]} 34. Kxe3 {[%emt 0:00:11]} Rc3+ {[%emt 0:00:05]} 35. Kd4 {[%emt 0:00:46]} Rxa3 {[%emt 0:00:04]} 36. Rb2 {[%emt 0:03:56]} Ra4+ {[%emt 0:01:41]} 37. Ke3 {[%emt 0:00:02]} Re4+ {[%emt 0:00:37]} 38. Kf3 {[%emt 0:00:02]} a4 {[%emt 0:00:37]} 39. h3 {[%emt 0:00:03]} Rc4 {[%emt 0:00:27]} 40. Ra2 {[%emt 0:00:00]} Rc3+ {[%emt 0:00:00]} 41. Kf2 {[%emt 0:00:40]} a3 {[%emt 0:00:23]} 42. Kg1 {[%emt 0:00:42]} Rb3 {[%emt 0:00:31]} 43. Kh2 {[%emt 0:00:22]} Kg7 {[%emt 0:00:49]} 44. h4 {[%emt 0:00:18]} Kg6 {[%emt 0:00:11]} 45. Ra1 {[%emt 0:00:41]} Kh5 {[%emt 0:00:07]} 46. g3 {[%emt 0:00:04]} Kg4 {[%emt 0:00:11]} 47. h5 {[%emt 0:00:18]} Rb2+ {[%emt 0:00:06]} 48. Kg1 {[%emt 0:00:11]} a2 {[%emt 0:00:01]} 0-1

[Event "Romanian-ch Open 2022"]
[Site "Eforie Nord"]
[Date "2022.02.25"]
[Round "7.30"]
[White "Capragiu, Matei-Stefan"]
[Black "Craciun, Gheorghe"]
[Result "0-1"]
[WhiteElo "1902"]
[BlackElo "1655"]
[Annotator "NA"]
[PlyCount "148"]
[EventDate "2022.02.20"]
[EventType "swiss"]
[EventCountry "ROU"]
[SourceTitle "playchess.com"]
[Source "ChessBase"]
[SourceQuality "1"]
[TimeControl "40/5400+30:900+30"]

1. d4 {[%emt 0:00:06]} f5 {[%emt 0:00:06]} 2. g3 {[%emt 0:00:07]} Nf6 {[%emt 0:00:08]} 3. Bg2 {[%emt 0:00:08]} e6 {[%emt 0:00:06]} 4. c4 {[%emt 0:00:10]} d6 {[%emt 0:00:07]} 5. Nf3 {[%emt 0:00:20]} Be7 {[%emt 0:00:06]} 6. O-O {[%emt 0:00:20]} O-O {[%emt 0:00:03]} 7. b3 {[%emt 0:01:00]} Ne4 {[%emt 0:00:32]} 8. Bb2 {[%emt 0:00:52]} Bf6 {[%emt 0:00:13]} 9. Nfd2 {[%emt 0:01:39]} d5 {[%emt 0:01:17]} 10. Nxe4 {[%emt 0:01:54]} fxe4 {[%emt 0:00:17]} 11. e3 {[%emt 0:00:56]} Nc6 {[%emt 0:00:48]} 12. f3 {[%emt 0:01:03]} exf3 {[%emt 0:01:06]} 13. Bxf3 {[%emt 0:00:55]} Ne7 {[%emt 0:00:37]} 14. Na3 {[%emt 0:22:08]} c6 {[%emt 0:02:10]} 15. Qd3 {[%emt 0:01:50]} dxc4 {[%emt 0:13:31]} 16. bxc4 {[%emt 0:06:27]} e5 {[%emt 0:00:26]} 17. Rad1 {[%emt 0:12:03]} exd4 {[%emt 0:00:13]} 18. exd4 {[%emt 0:01:47]} Bh3 {[%emt 0:01:49]} 19. Rf2 {[%emt 0:04:09]} Qd7 {[%emt 0:00:45]} 20. d5 {[%emt 0:01:41]} Rad8 {[%emt 0:00:29]} 21. Bxf6 {[%emt 0:05:56]} Rxf6 {[%emt 0:00:02]} 22. Rfd2 {[%emt 0:02:00]} Rdf8 {[%emt 0:00:12]} 23. Bg2 {[%emt 0:07:02]} Bxg2 {[%emt 0:00:02]} 24. Kxg2 {[%emt 0:02:48]} Qd6 {[%emt 0:10:46]} 25. Nc2 {[%emt 0:02:08]} cxd5 {[%emt 0:01:45]} 26. cxd5 {[%emt 0:01:05]} Ng6 {[%emt 0:01:24]} 27. Qe4 {[%emt 0:05:59]} Ne5 {[%emt 0:02:01]} 28. Nd4 {[%emt 0:00:39]} Nc4 {[%emt 0:01:39]} 29. Re2 {[%emt 0:02:33]} Qb6 {[%emt 0:03:30]} 30. Rde1 {[%emt 0:06:10]} Nd6 {[%emt 0:00:18]} 31. Qe3 {[%emt 0:03:02]} Qc5 {[%emt 0:01:35]} 32. Nb3 {[%emt 0:02:58]} Qxd5+ {[%emt 0:00:17]} 33. Kg1 {[%emt 0:00:05]} a6 {[%emt 0:04:28]} 34. Qd4 {[%emt 0:02:30]} Qxd4+ {[%emt 0:03:11]} 35. Nxd4 {[%emt 0:00:01]} b5 {[%emt 0:00:32]} 36. a4 {[%emt 0:02:29]} bxa4 {[%emt 0:00:13]} 37. Ra1 {[%emt 0:00:26]} Nb5 {[%emt 0:00:27]} 38. Ne6 {[%emt 0:00:52]} Re8 {[%emt 0:00:22]} 39. Nf4 {[%emt 0:00:16]} Rxe2 {[%emt 0:00:26]} 40. Nxe2 {[%emt 0:00:00]} a3 {[%emt 0:00:00]} 41. Nf4 {[%emt 0:00:28]} Rd6 {[%emt 0:01:20]} 42. Kf2 {[%emt 0:00:25]} g5 {[%emt 0:00:22]} 43. Ne2 {[%emt 0:00:30]} Rd2 {[%emt 0:00:49]} 44. Ke3 {[%emt 0:00:14]} Rb2 {[%emt 0:00:22]} 45. Kd3 {[%emt 0:00:56]} g4 {[%emt 0:01:14]} 46. Rc1 {[%emt 0:02:45]} a2 {[%emt 0:00:38]} 47. Ra1 {[%emt 0:00:14]} Kf7 {[%emt 0:01:24]} 48. Nc1 {[%emt 0:02:33]} Rxh2 {[%emt 0:00:14]} 49. Rxa2 {[%emt 0:00:34]} Rxa2 {[%emt 0:00:12]} 50. Nxa2 {[%emt 0:00:01]} Ke6 {[%emt 0:00:29]} 51. Ke4 {[%emt 0:00:07]} h5 {[%emt 0:00:33]} 52. Kf4 {[%emt 0:00:48]} Kf6 {[%emt 0:00:08]} 53. Nb4 {[%emt 0:01:09]} Nc7 {[%emt 0:02:34]} 54. Nd3 {[%emt 0:01:43]} Ne6+ {[%emt 0:04:22]} 55. Ke4 {[%emt 0:01:00]} a5 {[%emt 0:01:09]} 56. Kd5 {[%emt 0:01:35]} a4 {[%emt 0:00:37]} 57. Kc4 {[%emt 0:00:21]} a3 {[%emt 0:00:09]} 58. Kb3 {[%emt 0:02:55]} Nd4+ {[%emt 0:00:11]} 59. Kxa3 {[%emt 0:00:03]} Ne2 {[%emt 0:00:10]} 60. Kb2 {[%emt 0:00:22]} Nxg3 {[%emt 0:00:13]} 61. Kc1 {[%emt 0:00:58]} h4 {[%emt 0:00:13]} 62. Kd2 {[%emt 0:01:18]} h3 {[%emt 0:00:15]} 63. Ke3 {[%emt 0:00:52]} Kg5 {[%emt 0:01:04]} 64. Nf2 {[%emt 0:00:56]} h2 {[%emt 0:00:24]} 65. Kd3 {[%emt 0:01:02]} h1=Q {[%emt 0:00:21]} 66. Nxh1 {[%emt 0:00:06]} Nxh1 {[%emt 0:00:08]} 67. Ke2 {[%emt 0:00:05]} Ng3+ {[%emt 0:00:20]} 68. Kf2 {[%emt 0:00:06]} Kf4 {[%emt 0:00:13]} 69. Kg2 {[%emt 0:00:04]} Nf5 {[%emt 0:00:13]} 70. Kf2 {[%emt 0:00:10]} g3+ {[%emt 0:00:09]} 71. Kg2 {[%emt 0:00:02]} Kg4 {[%emt 0:00:15]} 72. Kg1 {[%emt 0:01:07]} Kf3 {[%emt 0:00:27]} 73. Kh1 {[%emt 0:00:41]} g2+ {[%emt 0:00:12]} 74. Kg1 {[%emt 0:00:01]} Nd6 {[%emt 1:03:07]} 0-1

[Event "Romanian-ch Open 2022"]
[Site "Eforie Nord"]
[Date "2022.02.26"]
[Round "8.1"]
[White "Nevednichy, Vladislav"]
[Black "Parligras, Mircea-Emilian"]
[Result "1/2-1/2"]
[WhiteElo "2498"]
[BlackElo "2575"]
[Annotator "TA"]
[PlyCount "26"]
[EventDate "2022.02.20"]
[EventType "swiss"]
[EventCountry "ROU"]
[SourceTitle "playchess.com"]
[Source "ChessBase"]
[SourceQuality "1"]

{[%evp 18,26,-35,-68,-50,-38,-42,-39,-27,-68,-58]} 1. e4 c5 2. Nc3 d6 3. f4 g6 4. Nf3 Bg7 5. Bc4 Nc6 6. O-O e6 7. f5 exf5 8. d3 Nge7 9. Qe1 h6 10. Kh1 fxe4 {B23: Closed Sicilian: Lines without g3.} 11. dxe4 Be6 {[#]} 12. Bxe6 $146 ({Predecessor:} 12. Nd5 Bxd5 13. exd5 Ne5 14. Bb5+ Kf8 15. Bf4 Nxf3 16. Rxf3 Nf5 17. c3 Qb6 18. Bd3 Qxb2 {0-1 (83) Andreikin,D (2683)-Gelfand,B (2741) Moscow 2010}) 12... fxe6 13. Be3 Qb6 {Black took control after the opening.  Weighted Error Value: White=0.09 (flawless) /Black=0.07 (flawless)} 1/2-1/2

[Event "Romanian-ch Open 2022"]
[Site "Eforie Nord"]
[Date "2022.02.26"]
[Round "8.2"]
[White "Lupulescu, Constantin"]
[Black "Miron, Lucian-Costin"]
[Result "1/2-1/2"]
[WhiteElo "2620"]
[BlackElo "2511"]
[Annotator "TA"]
[PlyCount "33"]
[EventDate "2022.02.20"]
[EventType "swiss"]
[EventCountry "ROU"]
[SourceTitle "playchess.com"]
[Source "ChessBase"]
[SourceQuality "1"]

{[%evp 19,33,35,26,26,64,47,60,49,61,11,13,8,13,9,12,16]} 1. d4 Nf6 2. c4 e6 3. Nf3 d5 4. Nc3 dxc4 5. e3 a6 6. Bxc4 b5 7. Be2 Bb7 8. O-O {[%cal Bh1f1,Bf1d1,Bd1d4,Bd4e4][%mdl 32]} c5 9. dxc5 Qxd1 10. Rxd1 Bxc5 11. Nd2 {D27: Queen's Gambit Accepted: Classical main line: 7 e4!? and 7 a4.} Nd5 {[#]} 12. Nb3 $146 ({Predecessor:} 12. Nxd5 Bxd5 13. b3 Nd7 14. a4 Rb8 15. axb5 axb5 16. Bb2 O-O 17. e4 Bc6 18. Rac1 Rbc8 {1-0 (51) Lintchevski,D (2557)-Stukopin,A (2580) Voronezh 2015}) 12... Nxc3 13. bxc3 {White is slightly better.} Be7 14. Na5 (14. a4 $14) 14... Be4 $11 {The position is equal.} 15. Rd4 Nc6 16. Rxe4 Nxa5 17. Rb1 {Weighted Error Value: White=0.12 (very precise) /Black=0.08 (flawless)} 1/2-1/2

[Event "Romanian-ch Open 2022"]
[Site "Eforie Nord"]
[Date "2022.02.26"]
[Round "8.3"]
[White "Secheres, Adrian-Simion"]
[Black "Nanu, Costica-Ciprian"]
[Result "1/2-1/2"]
[WhiteElo "2363"]
[BlackElo "2513"]
[Annotator "TA"]
[PlyCount "96"]
[EventDate "2022.02.20"]
[EventType "swiss"]
[EventCountry "ROU"]
[SourceTitle "playchess.com"]
[Source "ChessBase"]
[SourceQuality "1"]

{[%evp 22,96,37,38,57,30,64,58,88,91,116,108,104,50,41,21,13,25,37,4,31,-18,38,39,66,63,66,62,67,7,13,19,64,67,71,57,81,74,71,33,35,29,37,45,45,45,37,0,27,29,41,44,56,53,55,52,50,48,39,35,62,37,50,33,46,57,80,22,22,22,22,22,22,22,24,24,27]} 1. d4 d6 2. Nf3 Nd7 3. c4 e5 4. Nc3 Ngf6 5. Qc2 c6 6. g3 g6 7. Bg2 Bg7 8. O-O O-O 9. Rd1 Re8 10. e4 exd4 {10...b6 is the recent fashion.} 11. Nxd4 Qe7 12. Bf4 Ne5 {E68: King's Indian: Fianchetto: 6...Nbd7 7 0-0 e5 8 e4.} 13. b3 a6 $1 14. h3 {[#]} Nfd7 $146 {White is slightly better.} ({Predecessor:} 14... Rb8 15. Qd2 c5 16. Nde2 b5 17. cxb5 axb5 18. Qxd6 Qxd6 19. Rxd6 b4 20. Na4 Nh5 {½-½ (41) Grachev,B (2621)-Belozerov,A (2533) Yaroslavl 2019}) 15. Rd2 {White is more active.} b5 16. cxb5 axb5 {[#]} 17. Rad1 ({Better is} 17. Nxc6 $1 $16 {[%mdl 512]} Nxc6 18. Nd5 $1) 17... Bb7 $14 18. Nde2 (18. Be3 $5 {[%cal Rf2f4]}) 18... b4 19. Na4 d5 ({But not} 19... g5 20. Bxe5 (20. Be3 c5 $16) 20... Nxe5 21. Nd4 $16 (21. Rxd6 Rad8 $14)) 20. exd5 cxd5 21. Bxe5 (21. Rd4 $14) 21... Nxe5 (21... Bxe5 $11 22. Bxd5 Bxd5 23. Rxd5 Rac8) 22. Qc5 Rad8 23. Qxe7 Rxe7 24. Nc5 Ba8 25. Nd4 (25. Nf4 $14) 25... Ra7 $11 26. Na4 h5 (26... Rb8 $11 {might be stronger.}) 27. Nb5 {[%cal Bd4b5,Bb5c7,Bc7d5][%mdl 32] Pair of Knights!} Ra5 {[#]} 28. Nc7 Bc6 {[%cal Od5d4]} 29. Nxd5 {Black must now prevent Ne7+.} Kf8 {To avoid Ne7} 30. f4 (30. Nab6 {with more complications.} Bxd5 31. Nxd5 Nc6 32. Kf1 Rd6 33. Nb6) 30... Bxa4 31. fxe5 {[%cal Oe5e6] Threatens to win with e6!} Be8 32. Nxb4 Rxd2 33. Rxd2 Bxe5 {...Bc3 is the strong threat.} 34. Rd3 {To avoid Bc3} Rc5 {Prevents Bc6.} 35. a4 Rc1+ 36. Kf2 Bc3 37. Nd5 Rc2+ 38. Kf1 $1 Be5 39. Nb4 Rc1+ 40. Ke2 Bc7 41. Nd5 {Hoping for Kd2.} Be5 $1 42. g4 hxg4 43. hxg4 Rb1 44. Ne3 (44. Be4 $16) 44... Rb2+ 45. Kd1 Rxb3 {[%mdl 64] Remove Defender} 46. Rxb3 Bxa4 47. Bd5 f5 48. gxf5 {aiming for Ng4.} gxf5 {Weighted Error Value: White=0.12 (very precise) /Black=0.11 (very precise)} 1/2-1/2